000 00540nam a2200181Ia 4500
003 GCL
008 140319s9999 xx 000 0 ara d
040 _aGCL /
_cGCL
082 0 4 _a349.606
_bم م
100 1 _aمحمد الهادى سالم
245 1 0 _aمذكرات فى التشريعات السياحية والفندقية /
_cمحمد الهادى سالم
300 _a84 ص
490 _a
650 0 4 _aالسياحة
650 0 4 _aقوانين وتشريعات
650 0 4 _aشركات الاستثمار
942 _2ddc
_cBK
999 _c41490
_d41490